|
|
|
|
| LEADER |
00000nam a22000007a 4500 |
| 005 |
20210617230145.0 |
| 007 |
cr|||| |||| |
| 008 |
210617s2020 br |||||s|||| 00||0 por d |
| 020 |
|
|
|a 978-65-86060-07-2
|
| 035 |
|
|
|a 33596
|
| 040 |
|
|
|a vLex
|
| 090 |
|
|
|c 11811
|d 11811
|
| 100 |
1 |
|
|a Castelar Pinheiro, Armando
|
| 245 |
1 |
0 |
|a Reflexe̳s sobre Direito e Economia
|h [Recurso electrn̤ico] /
|c Armando Castelar Pinheiro, Antn̥io Jos ̌Maristrello Porto, Marcus Abraham, Patrc̕ia Regina Pinheiro Sampaio
|
| 256 |
|
|
|a Servicio en ln̕ea
|
| 260 |
|
|
|a Ro̕ de Janeiro:
|b FGV - Direito Rio,
|c 2020
|
| 300 |
|
|
|a 1 recurso electrn̤ico
|
| 500 |
|
|
|a “No dia a dia, juz̕es tomam decise̳s com relevantes impactos econm̥icos. Decise̳s sobre conflitos de massa, por exemplo, podem ter efeitos sobre a macroeconomia, a empregabilidade ou as finanȧs pb︢licas. Alm̌ disso, ̌comum o magistrado analisar casos envolvendo mercados que apresentam falhas e, por isso, sô objeto de regulaȯ̂. H,̀ ainda, situaė̳s em que sô chamados a avaliar demandas que envolvem situaė̳s de captura, dentre tantas outras interseė̳s. O objetivo deste livro ̌diminuir o hiato existente entre os estudos nos mundos jurd̕ico e econm̥ico.” Marcus Abraham
|
| 506 |
1 |
|
|a Disponible solo en los productos indicados
|d vLex Global
|d vLex Global (Academic Edition, excluding Law Schools)
|d vLex Global (U.S. Academic Edition, Law Schools)
|d vLex Global (U.S. Academic Edition, excluding Law Schools)
|d vLex Global (Academic Edition, Law Schools)
|
| 650 |
0 |
4 |
|a Derecho Pb︢lico y Administrativo
|z Brasil
|
| 650 |
0 |
4 |
|a Economa̕ y negocios
|z Brasil
|
| 700 |
1 |
|
|a Maristrello Porto, Antn̥io Još
|
| 700 |
1 |
|
|a Abraham, Marcus
|
| 700 |
1 |
|
|a Pinheiro Sampaio, Patrc̕ia Regina
|
| 740 |
0 |
|
|a vLex Libros (Servicio en ln̕ea)
|
| 856 |
4 |
0 |
|u https://vlex.com/source/reflex-es-sobre-direito-e-economia-33596
|z Acceso restringido
|
| 942 |
|
|
|c BOOK
|
| 999 |
0 |
|
|a Public and Administrative Law
|
| 999 |
0 |
|
|a Economy and business
|